El poeta y el niño de la piedra /

Збережено в:
Бібліографічні деталі
Автор: Mérida, Martín (autor)
Формат: Книга
Мова:Іспанська
Опубліковано: Guadalajara, México : La Zonámbula : Instituto Tecnológico y de Estudios Superiores de Monterrey, Campus Guadalajara, 2005, c2005
Серія:(Arbol de Semillas)
Предмети:
Теги: Додати тег
Немає тегів, Будьте першим, хто поставить тег для цього запису!

MARC

LEADER 00000nam^a2200000^a^4500
001 000389500
005 20250521000000.0
009 20260310121122.272
020 |a 978-607-9193-90-4 
037 |a Acervo ITESO - Biblioteca 
041 |a ESP 
082 |a 808. 899282  |b MER 
100 |a Mérida, Martín  |e (autor) 
245 1 3 |a El poeta y el niño de la piedra /  |c M. Mérida. 
264 4 |a Guadalajara, México :  |b La Zonámbula :  |b Instituto Tecnológico y de Estudios Superiores de Monterrey, Campus Guadalajara,  |c 2005, c2005 
300 |a 235 p. 
336 |a texto  |b txt  |2 rdacontenido 
337 |a sin mediación  |b n  |2 rdamedio 
338 |a volumen  |b nc  |2 rdasoporte 
440 1 |a (Arbol de Semillas) 
521 |a EEnlace Centro de Promoción Cultural 2016 
649 |a XX 
650 |a Niños en la Literatura 
650 |a Novela Mexicana 
650 |a Literatura en la Literatura 
650 |a Literatura Infantil -  |z México 
650 |a Literatura Mexicana -  |y Siglo XXI 
910 |a Fondo General 
920 |a Impresos - Libros 
930 |a Colección General 
940 |a Literatura 
905 |a 101 
901 |a 0500284081  |b IT1  |c LIT  |i c153136  |u 20250521 
902 |a https://opac.biblio.iteso.mx/vufind/Record/000389500